| 000 | 00612nam a22001937a 4500 | ||
|---|---|---|---|
| 003 | 0 | ||
| 005 | 20241015095309.0 | ||
| 008 | 241015b xxu||||| |||| 00| 0 eng d | ||
| 020 | _a9781774697344 | ||
| 050 |
_aTS 160 _b.Ay96 2024 |
||
| 100 |
_aAyoun, Nasiruzzaman, _eauthor. |
||
| 245 |
_aMaterials and inventory management / _cNasiruzzaman Ayoun. |
||
| 260 |
_aBurlington, ON : _bToronto Academic Press, _c2024. |
||
| 300 |
_ax, 236 p. : _bcol. ill. ; _c26 cm. |
||
| 504 | _aIncludes bibliographical references and index. | ||
| 650 | _aInventory control. | ||
| 650 | _aMaterials management. | ||
| 942 |
_2lcc _cBK |
||
| 999 |
_c366547 _d366547 |
||